Countries of Europe in 1914 - Statistics

General Stats
  • This quiz has been taken 41 times
    26 since last reset
  • The average score is 18 of 23
Answer Stats
Answer % Correct
United Kingdom
100%
Austria-Hungary
91%
France
91%
Italy
91%
Norway
86%
Portugal
86%
Sweden
86%
Serbia
82%
Spain
82%
Belgium
77%
Bulgaria
77%
German Empire
77%
Greece
77%
Montenegro
77%
Ottoman Empire
77%
Russian Empire
77%
Luxembourg
73%
Netherlands
73%
Romania
73%
Switzerland
73%
Albania
68%
Denmark
68%
Andorra
59%
No matching quizzes found
Score Distribution
Percent of People with Each Score
Percentile by Number Answered
Your Score History
You have not taken this quiz since the last reset